Designing with plastics / (Record no. 565748)

000 -LEADER
fixed length control field 00520nam a2200157Ia 4500
008 - FIXED-LENGTH DATA ELEMENTS--GENERAL INFORMATION
fixed length control field 210430s9999 xx 000 0 und d
020 ## - INTERNATIONAL STANDARD BOOK NUMBER
International Standard Book Number 1569903867 (hardcover) | 97815
082 ## - DEWEY DECIMAL CLASSIFICATION NUMBER
Classification number 620.1923 E677D
100 ## - MAIN ENTRY--PERSONAL NAME
Personal name Erhard, G.
9 (RLIN) 54860
245 ## - TITLE STATEMENT
Title Designing with plastics /
Statement of responsibility, etc. Erhard, G.
260 ## - PUBLICATION, DISTRIBUTION, ETC.
Place of publication, distribution, etc. Cincinnati :
Name of publisher, distributor, etc. Hanser Gardner Publications,
Date of publication, distribution, etc. 2006
300 ## - PHYSICAL DESCRIPTION
Extent xii, 517 p. :
650 ## - SUBJECT ADDED ENTRY--TOPICAL TERM
Topical term or geographic name entry element Konstruieren mit Kunststoffen.
9 (RLIN) 54861
856 ## - ELECTRONIC LOCATION AND ACCESS
Uniform Resource Identifier <a href="http://www.loc.gov/catdir/toc/ecip061/2005029061.html">http://www.loc.gov/catdir/toc/ecip061/2005029061.html</a>
942 ## - ADDED ENTRY ELEMENTS (KOHA)
Koha item type Reference
Source of classification or shelving scheme
Holdings
Withdrawn status Lost status Source of classification or shelving scheme Damaged status Not for loan Permanent Location Current Location Shelving location Date acquired Total Checkouts Total Renewals Full call number Barcode Checked out Date last seen Date last checked out Price effective from Koha item type
          School of Chemical & Materials Engineering (SCME) School of Chemical & Materials Engineering (SCME) Reference   2 7 620.1923 E677D SCME-4697 05/12/2026 02/04/2025 02/04/2025 04/30/2021 Book
© 2023 Central Library, National University of Sciences and Technology. All Rights Reserved.